000 01369nam a2200313Ia 4500
999 _c4220
_d4220
003 OSt
005 20200331100029.0
008 191128s2018 ck ao gr 001 0 spa d
020 _a9789588296920
040 _aCO-JMCR
_cCO-JMCR
041 _aspa
082 0 4 _a070.4409861 /
_bD674c
100 1 _aDonado Viloria, Donaldo Alonso,
_eautor
_92244
245 1 0 _aCrónicas seleccionadas /
_cDonaldo Alonso Donado Viloria, Hugo Chaparro Valderrama, Donaldo Donado Viloria, Alejandro lopéz Correa,
250 _aPrimera edición
260 _aBogotá :
_bCangrego editores,
_c2018
300 _a110 páginas :
_bfotografías en blanco y negro ;
_c21 cm.
490 0 _aAntología ; Nuevas letras de Colombia
505 _aLa bolsa rota de InterBolsa / Hugo Chaparro Valderrama -- Miguel Granados Arjona : el hombre que puso a Bogotá en el mapa de la salsa / Donaldo Donado Viloria -- Independencia literaria : una carrera contra la ciudad / Alejandro López Correa
546 _aspa
586 _aPremio Distrital de Crónica Ciudad de Bogotá 2016
650 1 4 _aCronicas
_zColombia
_92245
650 2 4 _aCrónica periodística
_92246
650 2 4 _aMúsica
_xCrónica
_92247
700 1 _aChaparro Valderrama, Hugo,
_eautor
_92248
700 1 _aDonado Viloria, Donaldo,
_eautor
_92249
700 1 _alopéz Correa, Alejandro,
_eautor
_92250
942 _2ddc
_cBK